00958 a2200205 45000010006000000050017000060080041000230030015000640400040000790800066001192450112001852500012002972640035003093000019003445050314003630410008006771000020006857000022007057000025007275893620260407155843.0260407a1970 arg spa dAR-UNSa-BCEJYS aAR-UNSa-BCEJYSbspacAR-UNSa-BCEJYS a336.226xTipos de impuestos. Impuestos directos e indirectos 10aImpuesto municipal a las actividades lucrativaspconvenios multilaterales para evitar la doble imposición a2a. ed. 1aBuenos Aires :bCangalloc1970 a903 p.c23 cm. a1. Evolución de las ordenanzas fiscales y tarifarias correspondientes a los años 1949 a 1968 – 2. Textos de las ordenanzas fiscales y tarifarias años 1949 a 1968 – 3. Disposiciones complementarias – 4. Convenios multilaterales – 5. Jurisprudencia – 6. Tablas de alícuotas – 7. Formularios  aspa1 aGarcia, Ricardo1 aFratalocchi, Aldo1 aAmigo, Rubén Oscar